000 00322cam a2200133ua 4500
020 _a0-7069-2950-0
082 _a025
_bKRI/LI
100 _aKrishan, Kumar .
_91375
245 _aLibrary Manual /
250 _a4 th Rev
260 _aNew Delhi :
_bVikas Publishing House Pvt Ltd
_c2006.
300 _a386 ; .
942 _cBK
999 _c9080
_d9080